MARC

LEADER 00000nam0a2200000 4500
001 66155
005 20231031071159.0
035 |a (RuTPU)RU\TPU\book\70256 
090 |a 66155 
100 |a 20040723d1968 m y0rusy50 ca 
101 0 |a rus 
102 |a RU 
105 |a y z 001zb 
200 1 |a Уинстон Черчилль. Политическая биография  |f В. Г. Трухановский 
210 |a Москва  |c Мысль  |d 1968 
215 |a 478 с. 
320 |a Библиогр.: с. 474-478. 
600 1 |a Черчилль  |g Уинстон Леонард Спенсер  |c премьер-министр Великобритании  |f 1874-1965  |b У. Л. С.  |2 stltpui  |3 (RuTPU)RU\TPU\pers\665 
610 1 |a история 
610 1 |a Великобритания 
610 1 |a политические биографии 
610 1 |a политические лидеры 
610 1 |a государственные деятели 
610 1 |a 20 век 
675 |a 9(4)7  |v 3 
686 |a Т3(4Вл)  |v LBC/SL-A  |2 rubbk 
700 1 |a Трухановский  |b В. Г. 
801 1 |a RU  |b 63413507  |c 20040723  |g PSBO 
801 2 |a RU  |b 63413507  |c 20110401  |g PSBO 
942 |c BK